| 000 | 00511nam a2200193 a 4500 | ||
|---|---|---|---|
| 001 | 1770711733592 | ||
| 003 | YourLibrary | ||
| 005 | 20260210141028.0 | ||
| 008 | 260210s2000##################000#0#eng## | ||
| 020 | _a9780852559062 | ||
| 082 | 0 | 4 |
_a306.44089 _bKRO |
| 100 | 1 |
_aKroskrity, Paul V., _eauthor. |
|
| 245 | 1 | 0 | _aRegimes of Language : |
| 260 |
_bJames Currey, _c2000. |
||
| 300 | _a411 pages | ||
| 650 | 0 | _aAnthropological linguistics. | |
| 942 | _cENGLISH | ||
| 040 |
_aYourLibrary _beng _cYourLibrary |
||
| 999 |
_c611284 _d611284 |
||